Documents : Working Papers Parliamentary Assembly

Enregistré dans:
Détails bibliographiques
Format: Livre
Langue:anglais
Publié: Strasbourg Council of Europe 1987
Tags: Ajouter un tag
Pas de tags, Soyez le premier à ajouter un tag!

MARC

LEADER 00000nam a2200000 4500
001 c034054
005 20250605091845.1
041 0 |a eng 
044 |a FR 
245 1 0 |a Documents : Working Papers  |b Parliamentary Assembly 
264 1 |a Strasbourg  |b Council of Europe  |c 1987 
300 |a Prer. s.